Home plan lender court case (Record no. 29326)

MARC details
000 -LEADER
fixed length control field 00641cab a2200181 4500
001 - CONTROL NUMBER
control field WB2833-14
008 - FIXED-LENGTH DATA ELEMENTS--GENERAL INFORMATION
fixed length control field 090401t1992 xxu||||| |||| 00| 0 eng d
035 ## - SYSTEM CONTROL NUMBER
System control number (Sirsi) u46355
041 ## - LANGUAGE CODE
Language code of text/sound track or separate title eng
245 ## - TITLE STATEMENT
Title Home plan lender court case
260 ## - PUBLICATION, DISTRIBUTION, ETC.
Date of publication, distribution, etc. 1992
350 ## - PRICE (NR) (BK AM CF MU VM SE) [OBSOLETE]
Price 0
490 ## - SERIES STATEMENT
Series statement Money Week
Volume/sequential designation (271) 26 August 1992, 2(1)
520 ## - SUMMARY, ETC.
Summary, etc. Cheltenham & Gloucester Building Society, the principal lender behind the failed home-income plan firm Aylesbury Associates, has been served a writ outlining claims for loan write-offs and damages, in the first case of its kind.
690 ## - LOCAL SUBJECT ADDED ENTRY--TOPICAL TERM (OCLC, RLIN)
Topical term or geographic name as entry element HOUSING-FINANCE
942 ## - ADDED ENTRY ELEMENTS (KOHA)
Suppress in OPAC 0
948 ## - LOCAL PROCESSING INFORMATION (OCLC); SERIES PART DESIGNATOR (RLIN)
c (OCLC) 04/03/1997
Holdings
Withdrawn status Lost status Source of classification or shelving scheme Damaged status Not for loan Home library Current library Shelving location Date acquired Total Checkouts Full call number Barcode Date last seen Copy number Price effective from Koha item type
    Dewey Decimal Classification     London London News article 14/09/1999   WB2833-14 46355-1001 06/08/2019 1 06/08/2019 News article